| 000 | 00493nam a2200169 a 4500 | ||
|---|---|---|---|
| 005 | 20260421123818.0 | ||
| 008 | 260407s2026##################000#0#eng## | ||
| 020 | _a9788170121909 | ||
| 082 | 0 | 4 | _a348.54044605 SUR |
| 100 | _aMalik, Surendra | ||
| 245 | 1 | 0 |
_aSupreme court yearly digest 2001. _c/by Surendra Malik and Sumeet Malik. |
| 250 | _a1st ed Reprint | ||
| 260 |
_aNew delhi: _bEastern Book compony, _c2002. |
||
| 300 |
_accxxxii; 914 p _c20 cm. |
||
| 650 | _aLaw | ||
| 942 | _cENGLISH | ||
| 999 |
_c619038 _d619038 |
||